Surface properties changing of biodegradable polymers by the radio frequency magnetron sputtering modification; Современные техника и технологии; Т. 1

Detalles Bibliográficos
Parent link:Современные техника и технологии: сборник трудов XX международной научно-практической конференции студентов, аспирантов и молодых ученых, Томск, 14-18 апреля 2014 г./ Национальный исследовательский Томский политехнический университет (ТПУ).— , 2014
Т. 1.— 2014.— [С. 367-368]
Autor principal: Malchikhina A. I. Alena Igorevna
Autor Corporativo: Национальный исследовательский Томский политехнический университет (ТПУ) Физико-технический институт (ФТИ) Кафедра теоретической и экспериментальной физики (ТиЭФ)
Otros Autores: Tverdokhlebov S. I. Sergei Ivanovich (научный консультант), Troitsky O. Yu. Oleg Yurievich (прочие)
Sumario:Заглавие с титульного экрана
Lenguaje:inglés
Publicado: 2014
Colección:Системы и приборы медицинского назначения
Materias:
Acceso en línea:http://earchive.tpu.ru/handle/11683/20738
http://www.lib.tpu.ru/fulltext/c/2014/C01/V1/178.pdf
Formato: Electrónico Capítulo de libro
KOHA link:https://koha.lib.tpu.ru/cgi-bin/koha/opac-detail.pl?biblionumber=606697

MARC

LEADER 00000naa2a2200000 4500
001 606697
005 20260304155542.0
035 |a (RuTPU)RU\TPU\conf\4076 
035 |a RU\TPU\conf\4075 
090 |a 606697 
100 |a 20140606d2014 k y0rusy50 ba 
101 0 |a eng 
102 |a RU 
135 |a drcn ---uucaa 
181 0 |a i  
182 0 |a b 
200 1 |a Surface properties changing of biodegradable polymers by the radio frequency magnetron sputtering modification  |f A. I. Malchikhina  |g sci. adv. S. I. Tverdokhlebov ; lingv. O. Yu. Troitsky 
203 |a Текст  |c электронный 
225 1 |a Системы и приборы медицинского назначения 
300 |a Заглавие с титульного экрана 
320 |a [Библиогр.: с. 368 (3 назв.)] 
337 |a Adobe Reader 
461 1 |0 (RuTPU)RU\TPU\conf\3687  |t Современные техника и технологии  |o сборник трудов XX международной научно-практической конференции студентов, аспирантов и молодых ученых, Томск, 14-18 апреля 2014 г.  |o в 3 т.  |f Национальный исследовательский Томский политехнический университет (ТПУ)   |d 2014 
463 1 |0 (RuTPU)RU\TPU\conf\3688  |t Т. 1  |v [С. 367-368]  |d 2014 
610 1 |a труды учёных ТПУ 
610 1 |a электронный ресурс 
700 1 |a Malchikhina  |b A. I.  |c physicist  |c technician-technologist of Tomsk Polytechnic University  |f 1990-  |g Alena Igorevna  |3 (RuTPU)RU\TPU\pers\30856 
702 1 |a Tverdokhlebov  |b S. I.  |c physicist  |c Associate Professor of Tomsk Polytechnic University, Candidate of physical and mathematical science  |f 1961-  |g Sergei Ivanovich  |4 695 
702 1 |a Troitsky  |b O. Yu.  |c physicist  |c Professor of Tomsk Polytechnic University, Doctor of physical and mathematical sciences  |f 1943-  |g Oleg Yurievich  |4 570 
712 0 2 |a Национальный исследовательский Томский политехнический университет (ТПУ)  |b Физико-технический институт (ФТИ)  |b Кафедра теоретической и экспериментальной физики (ТиЭФ)  |3 (RuTPU)RU\TPU\col\18726 
801 2 |a RU  |b 63413507  |c 20210310  |g RCR 
856 4 |u http://earchive.tpu.ru/handle/11683/20738 
856 4 |u http://www.lib.tpu.ru/fulltext/c/2014/C01/V1/178.pdf 
942 |c CF